ბათუმის შოთა რუსთაველის სახელმწიფო უნივერსიტეტის ბიბლიოთეკა

Справочник нефхимика. В двух томах. Том 1 (ბიბ.ჩანაწერი № 37132)

000 -LEADER
fixed length control field 00616nam a2200193Ia 4500
001 - CONTROL NUMBER
control field 3088
003 - CONTROL NUMBER IDENTIFIER
control field GE_BSU
008 - FIXED-LENGTH DATA ELEMENTS--GENERAL INFORMATION
fixed length control field 181216s||||||||xx |||||||||||||| ||und||
040 ## - CATALOGING SOURCE
Transcribing agency GE_BSU
080 ## - UNIVERSAL DECIMAL CLASSIFICATION NUMBER
Universal Decimal Classification number 665.63(035.5)
245 ## - TITLE STATEMENT
Title Справочник нефхимика. В двух томах. Том 1
245 ## - TITLE STATEMENT
Statement of responsibility, etc. Под ред. Огородникова,С.К. Ред. В.А.Коц, Ю.К.Кузнецов, Ю.А.Левин и др.
260 ## - PUBLICATION, DISTRIBUTION, ETC.
Place of publication, distribution, etc. Л.
260 ## - PUBLICATION, DISTRIBUTION, ETC.
Name of publisher, distributor, etc. Химия.
260 ## - PUBLICATION, DISTRIBUTION, ETC.
Date of publication, distribution, etc. 1978.
300 ## - PHYSICAL DESCRIPTION
Extent 496 стр. с илл. 22 см.
653 ## - INDEX TERM--UNCONTROLLED
Uncontrolled term Справочник нефхимика.
942 ## - ADDED ENTRY ELEMENTS (KOHA)
Koha item type წიგნი
ეგზემპლარები
Withdrawn status Lost status Damaged status Not for loan Date acquired Barcode Date last seen Price effective from Koha item type
        2018-12-17 9483 2018-12-17 2018-12-17 წიგნი